01159cam 2200337 4500001000800000005001700008008004100025035002100066906004500087010001700132020001500149040001800164043001200182050001700194082002100211100002200232245004600254250001400300260003600314300005900350350001100409504004800420650005300468650004900521985001800570991004100588991005200629991005200681991005800733099003000791225058220030909185939.0710312s1971 nyuacgh b 001 0 eng  9(DLC) 77098891 a7bcbccorignewd2eopcnf19gy-gencatlg a 77098891  a0393021564 aDLCcDLCdDLC an-us---00aML3556b.S7400a781.7/2960732191 aSouthern, Eileen.14aThe music of black Americans:ba history. a[1st ed.] aNew York,bW. W. Nortonc[1971] axviii, 552 p.billus., facsims., music, ports.c22 cm. a$10.00 a"Bibliography and discography": p. 511-532. 0aAfrican AmericansxMusicxHistory and criticism. 0aMusiczUnited StatesxHistory and criticism. ffk07 05-09-88 bc-MusichML3556i.S74tCopy 1wBOOKS bc-MusichML3556i.S74p00019022304tCopy 2wCCF bc-MusichML3556i.S74p00016992288tCopy 3wCCF br-MRRhML3556i.S74tx copymAlcwGenBib bi 87-009964 asouthern-music-1071950756